Top 50 Largest Cities in Europe - Sudden Death - Statistics

General Stats
  • This quiz has been taken 1,364 times
  • The average score is 4 of 50
Answers on the Grid
Answers color-coded by a green-red scale on the quiz's grid according to % correct below.
Moscow
London
Saint Petersburg
Berlin
Madrid
Kyiv
Rome
Paris
Bucharest
Minsk
Budapest
Hamburg
Warsaw
Vienna
Barcelona
Stockholm
Kharkiv
Novosibirsk
Yekaterinburg
Nizhniy Novgorod
Belgrade
Munich
Milan
Prague
Copenhagen
Sofia
Samara
Omsk
Kazan
Rostov-on-Don
Chelyabinsk
Ufa
Dnipro
Donetsk
Dublin
Brussels
Volgograd
Odessa
Birmingham
Perm
Cologne
Naples
Krasnoyarsk
Turin
Liverpool
Saratov
Voronezh
Valencia
Zaporizhia
Marseille
Lodz
Krakow
Riga
Amsterdam
Nottingham
Lviv
Sevilla
Tol'yatti
Zagreb
Sarajevo
Sheffield
Zaragoza
Athens
Kryvyi Rih
Frankfurt
Krasnodar
Dresden
Ulyanovsk
Chisinau
Wroclaw
Izhevsk
Bristol
Yaroslavl
Barnaul
Rotterdam
Essen
Glasgow
Stuttgart
Dortmund
Vladivostok
Irkutsk
Genoa
Oslo
Khabarovsk
Poznan
Malaga
Helsinki
Pristina
Bremen
Vilnius
Ryazan
Lisbon
Hannover
Mykolayiv
Leipzig
Nuernberg
Lyon
Skopje
Gdansk
Edinburgh
 
Answer Stats
Answer % Correct
Moscow
26%
London
25%
Paris
25%
Barcelona
24%
Madrid
24%
Berlin
22%
Saint Petersburg
21%
Milan
20%
Rome
18%
Munich
17%
Kyiv
15%
Birmingham
13%
Warsaw
13%
Hamburg
11%
Naples
11%
Vienna
10%
Dublin
9%
Liverpool
9%
Prague
9%
Brussels
8%
Budapest
8%
Stockholm
8%
Bucharest
7%
Marseille
7%
Cologne
6%
Copenhagen
6%
Minsk
6%
Nizhniy Novgorod
6%
Belgrade
5%
Turin
5%
Valencia
5%
Yekaterinburg
5%
Kazan
4%
Sofia
4%
Kharkiv
3%
Odessa
3%
Chelyabinsk
2%
Novosibirsk
2%
Perm
2%
Rostov-on-Don
2%
Ufa
2%
Volgograd
2%
Dnipro
1%
Donetsk
1%
Krasnoyarsk
1%
Omsk
1%
Samara
1%
Saratov
1%
Voronezh
1%
Zaporizhia
1%
No matching quizzes found
Score Distribution
Percent of People with Each Score
Percentile by Number Answered
Your Score History
You have not taken this quiz